Asbestos Surveys (Record no. 70621)

MARC details
000 -LEADER
fixed length control field 01081cam a2200229 4500
001 - CONTROL NUMBER
control field ABS65615
008 - FIXED-LENGTH DATA ELEMENTS--GENERAL INFORMATION
fixed length control field 020701n2002 000 0 eng u
035 ## - SYSTEM CONTROL NUMBER
System control number (Sirsi) u118600
100 ## - MAIN ENTRY--PERSONAL NAME
Personal name Gardner, B.
245 ## - TITLE STATEMENT
Title Asbestos Surveys
260 ## - PUBLICATION, DISTRIBUTION, ETC.
Date of publication, distribution, etc. 2002
490 ## - SERIES STATEMENT
Series statement Premises and Facilities Management
Volume/sequential designation 40(1)
520 ## - SUMMARY, ETC.
Summary, etc. Discusses the Control of Asbestos at Work Regulations which have been held by consultations and lobbying over details such as who is responsible for the task of ensuring the survey is undertaken. Stresses the important points such as the quality of this survey and gives three criteria anyone undertaking this should fulfil. These include appropriate training and experience for surveyors and an adequate QA system in place for the surveying organisation.
590 ## - LOCAL NOTE (RLIN)
Local note ABS
650 ## - SUBJECT ADDED ENTRY--TOPICAL TERM
Topical term or geographic name entry element MANAGEMENT-HEALTH AND SAFETY-HAZARDOUS SUBSTANCES-ASBESTOS
650 ## - SUBJECT ADDED ENTRY--TOPICAL TERM
Topical term or geographic name entry element ASBESTOS REGULATIONS
650 ## - SUBJECT ADDED ENTRY--TOPICAL TERM
Topical term or geographic name entry element HEALTH AND SAFETY REGULATIONS
650 ## - SUBJECT ADDED ENTRY--TOPICAL TERM
Topical term or geographic name entry element HEALTH AND SAFETY EXECUTIVE
650 ## - SUBJECT ADDED ENTRY--TOPICAL TERM
Topical term or geographic name entry element BUILDING SURVEYORS
690 ## - LOCAL SUBJECT ADDED ENTRY--TOPICAL TERM (OCLC, RLIN)
Topical term or geographic name as entry element HEALTH & SAFETY
942 ## - ADDED ENTRY ELEMENTS (KOHA)
Suppress in OPAC 0
Holdings
Withdrawn status Lost status Source of classification or shelving scheme Damaged status Not for loan Home library Current library Shelving location Date acquired Total Checkouts Full call number Barcode Date last seen Copy number Price effective from Koha item type
    Dewey Decimal Classification     London London Journal article 01/07/2002   ABS65615 118600-1001 06/08/2019 1 06/08/2019 Journal article